Εγχειρίδιο κοινωνικής ψυχολογίας
Saved in:
| Main Author: | |
|---|---|
| Format: | Book |
| Language: | Greek |
| Published: |
Αθήνα :
Οδδυσέας,
1989
|
| Edition: | 3η έκδ. |
| Series: | Κοινωνική ψυχολογία
|
| Subjects: | |
| Tags: |
Add Tag
No Tags, Be the first to tag this record!
|
MARC
| LEADER | 00000cam a2200000 i 4500 | ||
|---|---|---|---|
| 001 | 1/67818 | ||
| 008 | 931217s1989 gr | ||| |||| ||gre|| | ||
| 020 | |a 9602100257 | ||
| 035 | |a ΛΕΣΒΟΣb10001964 |l 10001964 | ||
| 040 | |a GR-MY-UA |b gre |e aacr | ||
| 041 | 0 | |a gre | |
| 082 | 0 | |a 302 | |
| 100 | 1 | |a Παπαστάμου, Στάμος, |d 1952- | |
| 245 | 1 | 0 | |a Εγχειρίδιο κοινωνικής ψυχολογίας / |c Στάμος Παπαστάμου |
| 250 | |a 3η έκδ. | ||
| 260 | |a Αθήνα : |b Οδδυσέας, |c 1989 | ||
| 300 | |a 521 σ. | ||
| 490 | 1 | |a Κοινωνική ψυχολογία | |
| 500 | |a Περιέχει βιβλιογραφία | ||
| 650 | 0 | 0 | |a Social psychology. |